| 000 | 00686nam a2200205Ia 4500 | ||
|---|---|---|---|
| 003 | GCL | ||
| 005 | 20240530102258.0 | ||
| 008 | 140319s9999 xx 000 0 ara d | ||
| 040 |
_aGCL / _cGCL |
||
| 082 | 0 | 4 |
_a375.001/ _bع د |
| 100 | 0 | _aعبدالمنعم محمد حسين | |
| 245 | 1 | 0 |
_aدراسات وبحوث فى المناهج مع دراسة تحليلية بعدية / _cعبدالمنعم محمد حسين |
| 260 |
_a[S.N] : _bمكتبة النهضة المصرية ، _c1988 |
||
| 300 | _a325 ص | ||
| 650 | 0 | 4 | _aطرق التدريس |
| 650 | 0 | 4 | _aتطور المناهج |
| 650 | 0 | 4 | _aمناهج التعليم |
| 650 | 0 | 4 | _aطرق البحث |
| 942 |
_2ddc _cBK |
||
| 999 |
_c31104 _d31104 |
||